000 00393nam a2200145Ia 4500
008 230917s9999||||xx |||||||||||||| ||und||
040 _e5113
_aMAIN
041 _aEnglish
082 _a309.1 H236T
100 _aHarrington, Michael
245 0 _aTowards a democratic left: A radical program for a new Majority
260 _aNew York
_bMacmillan
_c1968
300 _avi, 314 p.
942 _cBK
999 _c208774
_d208774